000 00468nam a2200193Ia 4500
005 20250603145703.0
008 250603s9999 xx 000 0 und d
020 _a9780323358514
050 _aRT 55 .S55/
100 _aSilvestri, Linda Anne.
245 0 _aSaunders comprehensive review for the NCLEX- RN examination
250 _a7th ed.
260 _aCanada
260 _bELSEVIER
260 _c2017
300 _a1133 p
650 _aCanada
942 _cBK
999 _c42560
_d42560